Zwierzęta w Polsce - Statystyki

Ogólne statystyki
  • Ten quiz został rozwiązany 51 razy
  • Średni wynik to 6 z 15
Statystyki odpowiedzi
Obrazkowy Odpowiedź % Poprawnych
żubr
71%
wilk
64%
Niedźwiedź brunatny
57%
łoś
46%
ryś
46%
żbik
39%
chomik
36%
jeleń szlachetny
36%
daniel
32%
jeż zachodni
25%
salamandra plamista
25%
kret europejski
21%
orzeł przedni
21%
słowik szary
21%
troć
11%
Nie znaleziono quizów pasujących do podanych kryteriów
Rozkład punktacji
Procent ludzi z każdym wynikiem
Percentyl według liczby udzielonych odpowiedzi
Twoja historia wyników
Nie rozwiązałeś tego quizu